| 000 | nam a22 7a 4500 | ||
|---|---|---|---|
| 999 |
_c10256 _d10256 |
||
| 008 | 180213b ||||| |||| 00| 0 eng d | ||
| 100 |
_aHilton,R. _96243 |
||
| 245 | _aAwesome Facts about Inventors | ||
| 260 |
_aGurgaon Gurgaon _bThe Book Period _c2011 |
||